书目信息 |
| 题名: |
色彩构成基础
|
|
| 作者: | 张玉祥 编著 | |
| 分册: | ||
| 出版信息: | 北京 北京工艺美术出版社 2003 |
|
| 页数: | 105页 | |
| 开本: | 26cm | |
| 丛书名: | 北京服装学院艺术设计基础训练丛书 | |
| 单 册: | ||
| 中图分类: | J063 | |
| 科图分类: | ||
| 主题词: | 色彩学--高等学校--教学参考资料 , 色彩学 | |
| 电子资源: | ||
| ISBN: | 7-80526-465-1 | |
| 000 | 00791nam2 2200253 45 | |
| 001 | 012003000000 | |
| 005 | 20041101102509.44 | |
| 010 | @a7-80526-465-1@dCNY 42.00 | |
| 100 | @a20031011d2003 em y0chiy0121 ea | |
| 101 | 0 | @achi |
| 102 | @aCN@b110000 | |
| 105 | @aa z 000yy | |
| 200 | 1 | @a色彩构成基础@Ase cai gou cheng ji chu@f张玉祥编著 |
| 210 | @a北京@c北京工艺美术出版社@d2003 | |
| 215 | @a105页@c图@d26cm | |
| 225 | 2 | @a北京服装学院艺术设计基础训练丛书 |
| 330 | @a本书辑入了北京服装学院艺术设计专业绘画基础和设计基础系列课程。 | |
| 410 | 0 | @12001 @a北京服装学院艺术设计基础训练丛书 |
| 606 | 0 | @a色彩学@x高等学校@j教学参考资料 |
| 606 | 0 | @a色彩学 |
| 690 | @aJ063@v4 | |
| 701 | 0 | @a张玉祥@Azhang yu xiang@4编著 |
| 801 | 0 | @aCN@bQSSKw3@c20041101 |
| 905 | @a10447@dJ063@eZ230 | |
| 色彩构成基础/张玉祥编著.-北京:北京工艺美术出版社,2003 |
| 105页:图;26cm.-(北京服装学院艺术设计基础训练丛书) |
| ISBN 7-80526-465-1:CNY 42.00 |
| 本书辑入了北京服装学院艺术设计专业绘画基础和设计基础系列课程。 |
| ● |
| 相关链接 |
|
|
|
正题名:色彩构成基础
索取号:J063/Z230
 
预约/预借
| 序号 | 登录号 | 条形码 | 馆藏地/架位号 | 状态 | 备注 |
| 1 | 424018 | 204240188 | 社科库309/309社科库 64排4列6层/ [索取号:J063/Z230] | 在馆 | |
| 2 | 424019 | 204240197 | 社科库309/309社科库 64排4列6层/ [索取号:J063/Z230] | 在馆 |